| 000 -LEADER |
| fixed length control field |
01023nam a2200217Ia 4500 |
| 001 - CONTROL NUMBER |
| control field |
17319 |
| 003 - CONTROL NUMBER IDENTIFIER |
| control field |
GE_BSU |
| 008 - FIXED-LENGTH DATA ELEMENTS--GENERAL INFORMATION |
| fixed length control field |
181216s||||||||xx |||||||||||||| ||und|| |
| 040 ## - CATALOGING SOURCE |
| Transcribing agency |
GE_BSU |
| 080 ## - UNIVERSAL DECIMAL CLASSIFICATION NUMBER |
| Universal Decimal Classification number |
821.353.1-92 |
| 100 ## - MAIN ENTRY--PERSONAL NAME |
| Personal name |
ნიკოლაძე,ნიკო |
| 245 ## - TITLE STATEMENT |
| Title |
თხზულებანი:ტომი 4 |
| 245 ## - TITLE STATEMENT |
| Statement of responsibility, etc. |
დ.მ.გამეზარდაშვილის რედ. და შენიშვნებით;სარედ.კოლ.:ვ.ბახტაძე და სხვ.;ტომი დასაბეჭდად მოამზადა და სახელთა საძიებელი დაურთო მ.ი. კანდელაკმა.-თსუ,ჟურნალისტიკის კათედრა |
| 260 ## - PUBLICATION, DISTRIBUTION, ETC. |
| Place of publication, distribution, etc. |
თბილისი |
| 260 ## - PUBLICATION, DISTRIBUTION, ETC. |
| Name of publisher, distributor, etc. |
საბჭ.საქართველო |
| 260 ## - PUBLICATION, DISTRIBUTION, ETC. |
| Date of publication, distribution, etc. |
1964 |
| 300 ## - PHYSICAL DESCRIPTION |
| Extent |
614გვ.;23სმ |
| 300 ## - PHYSICAL DESCRIPTION |
| Accompanying material |
1ფ.პორტრ. |
| 653 ## - INDEX TERM--UNCONTROLLED |
| Uncontrolled term |
თხზულებანი |
| 942 ## - ADDED ENTRY ELEMENTS (KOHA) |
| Koha item type |
წიგნი |